Paesi dove capo di stato e di governo coincidono - Statistics

Statistiche generali
  • Questo quiz è stato fatto 35 volte
  • Il punteggio medio è 30 su 54
Statistiche sulle risposte
Leader Paese % Corretto
Donald Trump Stati Uniti
100%
Javier Milei Argentina
97%
Luiz Inácio Lula da Silva Brasile
97%
Nicolás Maduro Venezuela
90%
Kim Jong-un Corea del Nord
81%
Recep Tayyip Erdoğan Turchia
81%
Ali Khamenei Iran
77%
Gabriel Boric Cile
71%
Gustavo Petro Colombia
71%
Luis Arce Bolivia
68%
Nikos Christodoulidīs Cipro
68%
Nayib Bukele El Salvador
68%
João Lourenço Angola
65%
Daniel Ortega e Rosario Murillo Nicaragua
65%
Santiago Peña Paraguay
65%
Yamandú Orsi Uruguay
65%
Bernardo Arévalo Guatemala
61%
Claudia Sheinbaum Messico
61%
Tô Lâm Vietnam
61%
Xiomara Castro Honduras
58%
Prabowo Subianto Indonesia
58%
Amrullah Saleh Afghanistan
55%
Rodrigo Chaves Robles Costa Rica
55%
Daniel Noboa Ecuador
55%
Isaias Afewerki Eritrea
55%
Bola Tinubu Nigeria
55%
Cyril Ramaphosa Sudafrica
55%
Hassanal Bolkiah Brunei
52%
William Ruto Kenya
52%
José Raúl Mulino Panama
52%
Francesca Civerchia e Dalibor Riccardi San Marino
52%
Hakainde Hichilema Zambia
52%
Emmerson Mnangagwa Zimbabwe
52%
Ferdinand Marcos Jr. Filippine
48%
Chan Santokhi Suriname
48%
Duma Boko Botswana
45%
John Dramani Mahama Ghana
45%
Azali Assoumani Comore
42%
Hilda Heine Isole Marshall
42%
Surangel Whipps Jr. Palau
42%
Wavel Ramkalawan Seychelles
42%
Serdar Berdimuhamedow Turkmenistan
42%
Taneti Maamau Kiribati
39%
Joseph Boakai Liberia
39%
Mohamed Muizzu Maldive
39%
Wesley Simina Micronesia
39%
Patrice Talon Benin
35%
Adama Barrow Gambia
35%
Lazarus Chakwera Malawi
35%
David Adeang Nauru
35%
Haitham Oman
35%
Luis Abinader Repubblica Dominicana
35%
Christian Schmidt Bosnia ed Erzegovina
32%
Salva Kiir Mayardit Sudan del Sud
16%
Nessun quiz corrispondente trovato
Distribuzione punteggi
Percentuale di utenti per punteggio
Percentile per numero di risposta
I tuoi punteggi nel tempo
Non hai fatto questo quiz